| 000 | 01180nam a22002417a 4500 | ||
|---|---|---|---|
| 999 |
_c60432 _d60432 |
||
| 005 | 20251125233052.0 | ||
| 008 | s2552 th tha d | ||
| 020 | _a9789742887858 | ||
| 040 | _aNALT | ||
| 041 | _atha | ||
| 090 |
_aKT203 ส786ห _b 2552 |
||
| 100 | 0 | _aสุธีร์ ศุภนิตย์ | |
| 245 | 1 | 0 | _aหลักกฎหมายล้มละลายและการฟื้นฟูกิจการ |
| 260 | 3 |
_aกรุงเทพฯ : _bวิญญูชน, _c2552 |
|
| 300 |
_a280 หน้า ; _b 26 ซม |
||
| 650 | 0 | 4 | _aกฎหมายแพ่งและพาณิชย์ -- ล้มละลาย |
| 650 | 0 | 4 | _aการฟื้นฟูกิจการ -- กฎหมายและระเบียบข้อบังคับ |
| 650 | 0 | 4 | _aล้มละลาย -- กฎหมายและระเบียบข้อบังคับ |
| 850 | _aNALT | ||
| 856 | 4 | 0 |
_uhttps://hdl.handle.net/20.500.14156/302066 _71 |
| 942 |
_cLB _06 _2lcc |
||
| 998 |
_j111 _k นางสาวพจพิณ พรมเอี่ยม |
||